000 00436nam a2200181Ia 4500
001 20364
005 20260306172800.0
008 260306t2007||||xx |||||||||||||| ||spa||
041 _aESP
082 _a343.2
_bP65
100 _aPizzorusso, Alessandro
_eAUT
245 0 _aJusticia, constitución y pluralismo
260 _c2007
300 _a323 pƔginas :
_c21 cm.
650 _aGEN
654 _aCDE
942 _cLIB
_dJUS
_fJUS
_2ddc
_n
999 _c20364
_d20364